000 00472cam a22002052a 4500
001 025738
003 AR-FADEU
008 311216n1995####xxu####################dd
020 _a987-9049-77-2
092 _a833.8
_bH621
100 _aHeyse, Paul
245 _aL´arrabbiata
260 _aBuenos Aires
260 _bNuevo Siglo
260 _c1995
300 _a124 p
440 _aBiblioteca
_n100 x 100
650 _aLITERATURA ALEMANA-NOVELA
942 _cBDGR
999 _c31422
_d31422